000 00471nam a2200169 4500
020 _a9789393713124
082 _aM100 7
_bASH/A
100 _aAshalatha V
245 _aAardrathayute punarjanikal:
_bSugathakumariyude kavitha patanam/
_cby Ashalatha V
260 _aS.L.:
_bAshalatha V,
_c2022.
300 _a118p.
650 _aPoetry Sugathakumari Study
650 _aPoetry Malayalam Study
650 _aLiterature Malayalam
650 _aLiterature
942 _cBK
999 _c181977
_d181977